[Event "Pan American Intercollegiate-chT"]
[Site "Chess.com INT"]
[Date "2021.01.06"]
[Round "9"]
[White "Shevelev, Daniel"]
[Black "Moore, Michael"]
[Result "1-0"]
[WhiteElo "1833"]
[BlackElo "1873"]
[PlyCount "111"]
[EventDate "2021.01.04"]
[EventType "team-swiss (rapid)"]
[EventRounds "9"]
[EventCountry "USA"]
[SourceTitle "CBM 200 Extra"]
[Source "ChessBase"]
[SourceDate "2021.03.31"]
[SourceVersion "1"]
[SourceVersionDate "2021.03.31"]
[SourceQuality "1"]
[WhiteTeam "Berkeley California Univ V"]
[BlackTeam "Texas Tech Univ II"]
[WhiteTeamCountry "USA"]
[BlackTeamCountry "USA"]

1. e4 c5 2. Nf3 d6 3. d4 cxd4 4. Nxd4 Nf6 5. Nc3 a6 6. Bg5 Nbd7 7. f4 Qc7 8. Qf3 b5 9. 0-0-0 Bb7 10. Bd3 g6 11. g4 Bg7 12. Nce2 Rc8 13. Bxf6 Bxf6 14. g5 Bg7 15. h4 Nc5 16. h5 Rg8 17. hxg6 hxg6 18. f5 Nxd3+ 19. Qxd3 Qc4 20. Kb1 Qxd3 21. cxd3 d5 22. fxg6 dxe4 23. gxf7+ Kxf7 24. Rhf1+ Ke8 25. dxe4 Bxe4+ 26. Ka1 Be5 27. Ne6 b4 28. N2f4 a5 29. Rfe1 Bc2 30. Rd5 Bxf4 31. Nxf4 a4 32. Rde5 Rg7 33. Nd5 b3 34. Nxe7 Rxe7 35. Rxe7+ Kf8 36. R7e2 Kg7 37. Rd2 Kg6 38. Rd4 bxa2 39. Kxa2 Bb3+ 40. Ka3 Kxg5 41. Rf1 Ra8 42. Rd2 Ra5 43. Rg2+ Kh6 44. Rh1+ Rh5 45. Rxh5+ Kxh5 46. Rd2 Kg6 47. Rd4 Kf7 48. Rxa4 Bxa4 49. Kxa4 Ke6 50. Kb5 Kd5 51. b4 Kd6 52. Kb6 Kd5 53. b5 Kd6 54. Kb7 Kd7 55. b6 Kd8 56. Ka8 1-0